00788nam a2200229 a 450000100060000000300080000600500170001400800410003103500190007204000370009104100080012808200260013610000350016224501550019726000450035230000340039750400410043165000210047265000220049370000200051570000230053560400BD-RjUL20211209080832.0161231s1953 enkaf b 001 0 eng d a(BD-RjUL)60524 aVECDbengcVECDdNNCU:AdBD-RjUL aeng14a371.422223bBUC 19531 aBuhler, Charlotte,d1893-1974.10aChildhood problems and the teacher /cby Charlotte Buhler, Faith Smitter, Sybil Richardson ; with a chapter on remedial teaching by Franklyn Bradshaw. aLondon :bRoutledge & Kegan Paul,c1953. axii, 262 p. :bill. ;c22 cm. aIncludes bibliographies and indexes. aChild psychology aChild development1 aSmitter, Faith.1 aRichardson, Sybil.